[Event "TCh-FRA Top 16 GpB 2023"]
[Site "Chartres FRA"]
[Date "2023.06.01"]
[Round "1.3"]
[Board "6"]
[White "Lambert, Romain"]
[Black "Sokolov, Andrei1"]
[Result "0-1"]
[BlackTitle "GM"]
[WhiteElo "2201"]
[BlackElo "2464"]
[WhiteTeam "Poitiers-Migne Echecs"]
[BlackTeam "Mulhouse Philidor"]
[WhiteFideId "658111"]
[BlackFideId "627089"]
[EventDate "2023.06.01"]

1. d4 Nf6 2. c4 e6 3. Nc3 Bb4 4. Qc2 c5 5. dxc5 O-O 6. Nf3 Na6 7. g3 Nxc5 8. Bg2
d6 9. O-O Bd7 10. Nd4 Rc8 11. Ndb5 Qb6 12. Bg5 a6 13. Nd4 Bxc3 14. bxc3 Ba4 15.
Rab1 Qa5 16. Nb3 Nxb3 17. axb3 Qxg5 18. bxa4 Rxc4 19. Bxb7 Qa5 20. Qd3 d5 21.
Rb4 Rxb4 22. cxb4 Qxa4 23. Rb1 Rb8 24. Qxa6 Qc2 25. Ra1 h5 26. b5 Qxe2 27. Qa7
Rf8 28. Bc6 Ne4 29. Qe3 Qxe3 30. fxe3 Rb8 31. Kf1 Nd6 32. Ke1 Nc4 33. Ke2 Ne5
34. Ra7 Nxc6 35. bxc6 Rc8 36. c7 Kf8 37. Kf3 Ke7 38. Kf4 f6 39. e4 dxe4 40. Kxe4
Kd7 41. Ra5 g6 42. h3 Rxc7 43. g4 hxg4 44. hxg4 Rc4+ 45. Kf3 g5 46. Ra6 Rc3+ 47.
Ke4 Rg3 48. Kd4 0-1

[Event "TCh-FRA Top 16 GpB 2023"]
[Site "Chartres FRA"]
[Date "2023.06.01"]
[Round "1.3"]
[Board "7"]
[White "Papadiamandis, Elliot"]
[Black "Ladrat, Matthieu"]
[Result "0-1"]
[WhiteTitle "IM"]
[WhiteElo "2320"]
[BlackElo "2161"]
[WhiteTeam "Mulhouse Philidor"]
[BlackTeam "Poitiers-Migne Echecs"]
[WhiteFideId "36074160"]
[BlackFideId "618640"]
[EventDate "2023.06.01"]

1. e4 e6 2. d4 d5 3. e5 c5 4. c3 Nc6 5. Nf3 Bd7 6. Be2 Nge7 7. Na3 cxd4 8. cxd4
Nf5 9. Nc2 Qb6 10. O-O Rc8 11. Bd3 Nb4 12. Nxb4 Bxb4 13. Qb3 a5 14. a3 Bc5 15.
Qxb6 Bxb6 16. Be3 h6 17. g4 Nxe3 18. fxe3 Ke7 19. Kf2 Rc7 20. Ke2 Ba4 21. Nd2
Rhc8 22. h4 Bc2 23. a4 f6 24. exf6+ gxf6 25. g5 hxg5 26. hxg5 fxg5 27. Nf3 Rg8
28. Ne5 Rg7 29. Rf2 g4 30. Rg2 g3 31. Kf3 Bxd3 32. Nxd3 Rc4 33. Ne5 Rc8 34. Rxg3
Rxg3+ 35. Kxg3 Bc7 36. Ra3 Bxe5+ 37. dxe5 Kd7 38. Rb3 Rg8+ 39. Kf3 Rf8+ 40. Ke2
Kc6 41. Rc3+ Kb6 42. Kd3 Rh8 43. Rb3+ Ka6 44. Rc3 Rh4 45. Rc8 Re4 46. Rd8 b6 47.
b3 Rxe5 48. Rd7 Re4 49. Kd2 Rh4 50. Rd6 Rb4 51. Kc3 Re4 52. Kd3 Kb7 53. Rd8 Kc7
54. Re8 Kd6 55. Rb8 Kc5 56. Rb7 Rh4 57. Rc7+ Kd6 58. Rb7 Rb4 59. Kc3 Ke5 60. Rb8
Ke4 61. Re8 e5 62. Re7 b5 63. axb5 Rxb5 64. Re8 Rb6 65. Re7 Rb8 66. Re6 Rh8 67.
Re7 Rh3 68. Kd2 Rh2+ 69. Kc3 Re2 0-1

[Event "TCh-FRA Top 16 GpB 2023"]
[Site "Chartres FRA"]
[Date "2023.06.01"]
[Round "1.3"]
[Board "8"]
[White "Leriche, Ines"]
[Black "Navrotescu, Andreea"]
[Result "0-1"]
[BlackTitle "WGM"]
[WhiteElo "1917"]
[BlackElo "2194"]
[WhiteTeam "Poitiers-Migne Echecs"]
[BlackTeam "Mulhouse Philidor"]
[WhiteFideId "684090"]
[BlackFideId "675946"]
[EventDate "2023.06.01"]

1. d4 Nf6 2. Nf3 e6 3. g3 b5 4. Bg2 Bb7 5. O-O c5 6. b3 cxd4 7. Bb2 Qc7 8. Nxd4
Bxg2 9. Kxg2 Qb7+ 10. Kg1 d5 11. Nd2 Nbd7 12. Rc1 e5 13. N4f3 e4 14. Nh4 Bc5 15.
Bxf6 Nxf6 16. c4 e3 17. Ndf3 exf2+ 18. Kh1 dxc4 19. bxc4 Rd8 20. Qb3 b4 21. Qa4+
Nd7 22. Rcd1 O-O 23. Ng2 Nf6 24. Nf4 Qe4 25. Qa5 Rxd1 26. Rxd1 Bd6 27. Kg2 Bxf4
28. gxf4 Qxe2 29. Rf1 Ng4 0-1

[Event "TCh-FRA Top 16 GpB 2023"]
[Site "Chartres FRA"]
[Date "2023.06.01"]
[Round "1.4"]
[Board "1"]
[White "Saric, Ivan"]
[Black "Postny, Evgeny"]
[Result "1/2-1/2"]
[WhiteTitle "GM"]
[BlackTitle "GM"]
[WhiteElo "2670"]
[BlackElo "2549"]
[WhiteTeam "Grasse Echecs"]
[BlackTeam "Metz Fischer"]
[WhiteFideId "14508150"]
[BlackFideId "2804344"]
[EventDate "2023.06.01"]

1. e4 e5 2. Nf3 Nc6 3. Bb5 Nf6 4. d3 Bc5 5. c3 O-O 6. O-O d5 7. exd5 Qxd5 8. Bc4
Qd7 9. b4 Bd6 10. Nbd2 a5 11. b5 Ne7 12. Ne4 Ned5 13. Nxf6+ Nxf6 14. Re1 Qf5 15.
h3 h6 16. Nh4 Qh5 17. Qxh5 Nxh5 18. Nf3 Re8 19. g4 Nf6 20. g5 hxg5 21. Nxg5 Rf8
22. b6 cxb6 23. Rb1 Bd7 24. Be3 Bc6 25. Bxb6 Nd5 26. Ne4 Be7 27. Bxd5 Bxd5 28.
Rb5 Bxa2 29. Bxa5 Be6 30. Rxe5 Ra6 31. Re3 Rfa8 32. Bb4 Bxb4 33. cxb4 Rb6 34.
Nc5 Rxb4 35. Nxe6 fxe6 36. Rxe6 Rf8 37. Re7 Rf7 38. Re8+ Rf8 39. Rxf8+ Kxf8 40.
Kg2 Rb2 41. Re4 b5 42. Kf3 b4 43. Ke3 Rb1 44. h4 Kf7 45. Rc4 b3 46. Rb4 Re1+ 47.
Kd2 Rh1 48. Kc3 Rh3 49. Rd4 Rf3 50. Kxb3 Rxf2 51. Re4 Kf6 52. d4 Kf5 53. Re5+
Kf6 54. h5 Rh2 55. Kc4 Rh1 56. Kc5 Ra1 57. Kc6 Ra6+ 58. Kb5 Ra1 59. Kc4 Ra4+ 60.
Kd5 Ra1 61. Kc6 Ra6+ 62. Kc7 Ra7+ 63. Kb6 Ra4 64. Rd5 Ke6 65. Rd8 Ke7 66. Kb5
Ra1 67. Rg8 Kf7 68. Rh8 Ke6 69. Re8+ Kd6 70. Re5 Rg1 71. Rf5 Ke6 72. Rc5 Kd6 73.
Kc4 Rc1+ 74. Kb4 1/2-1/2

[Event "TCh-FRA Top 16 GpB 2023"]
[Site "Chartres FRA"]
[Date "2023.06.01"]
[Round "1.4"]
[Board "2"]
[White "Ganguly, Surya Shekhar"]
[Black "Lupulescu, Constantin"]
[Result "1/2-1/2"]
[WhiteTitle "GM"]
[BlackTitle "GM"]
[WhiteElo "2587"]
[BlackElo "2573"]
[WhiteTeam "Metz Fischer"]
[BlackTeam "Grasse Echecs"]
[WhiteFideId "5002150"]
[BlackFideId "1207822"]
[EventDate "2023.06.01"]

1. e4 c5 2. Nf3 e6 3. d4 cxd4 4. Nxd4 Nf6 5. Nc3 Nc6 6. Ndb5 Bb4 7. a3 Bxc3+ 8.
Nxc3 d5 9. exd5 exd5 10. Bd3 O-O 11. O-O Bg4 12. f3 d4 13. fxg4 dxc3 14. bxc3
Ne5 15. Bf4 Qb6+ 16. Kh1 Nfxg4 17. Bxe5 Nxe5 18. Bxh7+ Kxh7 19. Qh5+ Kg8 20.
Qxe5 Rac8 21. Rf3 Qc5 22. Qe4 Qc6 23. Qb4 Rce8 24. Qd4 b6 25. Rg3 f6 26. Rf1 Re4
27. Qd2 Qc4 28. Rd1 Rfe8 29. h3 Qc7 30. Qd5+ Kf8 31. Rf3 Re1+ 32. Rf1 Rxf1+ 33.
Rxf1 Qxc3 34. Qd6+ Kf7 35. Qd7+ Re7 36. Qd5+ Kf8 37. Qd8+ Kf7 38. Qd5+ Kf8 39.
Qd8+ Kf7 1/2-1/2

[Event "TCh-FRA Top 16 GpB 2023"]
[Site "Chartres FRA"]
[Date "2023.06.01"]
[Round "1.4"]
[Board "3"]
[White "Wirig, Anthony"]
[Black "Bailet, Pierre"]
[Result "1/2-1/2"]
[WhiteTitle "GM"]
[BlackTitle "GM"]
[WhiteElo "2518"]
[BlackElo "2513"]
[WhiteTeam "Grasse Echecs"]
[BlackTeam "Metz Fischer"]
[WhiteFideId "615013"]
[BlackFideId "655830"]
[EventDate "2023.06.01"]

1. d4 Nf6 2. c4 e6 3. g3 d5 4. Bg2 Bb4+ 5. Nd2 O-O 6. Nf3 b6 7. O-O Bb7 8. Qc2
Nbd7 9. a3 Bxd2 10. Bxd2 dxc4 11. Qxc4 c5 12. dxc5 Nxc5 13. Bb4 Rc8 14. Rad1 Qe7
15. Qh4 Rfd8 16. Rxd8+ Qxd8 17. Bxc5 Rxc5 18. Qa4 Qc7 19. Rd1 g6 20. Ne1 Bxg2
21. Kxg2 Qb7+ 1/2-1/2

[Event "TCh-FRA Top 16 GpB 2023"]
[Site "Chartres FRA"]
[Date "2023.06.01"]
[Round "1.4"]
[Board "4"]
[White "Lazarev, Vladimir"]
[Black "Parligras, Mircea-Emilian"]
[Result "1/2-1/2"]
[WhiteTitle "GM"]
[BlackTitle "GM"]
[WhiteElo "2496"]
[BlackElo "2556"]
[WhiteTeam "Metz Fischer"]
[BlackTeam "Grasse Echecs"]
[WhiteFideId "4113250"]
[BlackFideId "1204297"]
[EventDate "2023.06.01"]

1. d4 Nf6 2. c4 e6 3. Nf3 d5 4. Nc3 Bb4 5. Qa4+ Nc6 6. e3 O-O 7. Qc2 dxc4 8.
Bxc4 Bd6 9. h3 e5 10. O-O a6 11. a3 h6 12. Rd1 Bd7 13. b4 Qc8 14. dxe5 Nxe5 15.
Nxe5 Bxe5 16. Bb2 Bf5 17. Bd3 Bxd3 18. Rxd3 Rd8 19. Rxd8+ Qxd8 20. Na4 Bxb2 21.
Nxb2 Qe7 22. Rc1 c6 23. Nd3 a5 24. bxa5 Rxa5 25. a4 Qe4 26. Qb3 Qd5 27. Qb4 Ne4 1/2-1/2

[Event "TCh-FRA Top 16 GpB 2023"]
[Site "Chartres FRA"]
[Date "2023.06.01"]
[Round "1.4"]
[Board "5"]
[White "Loiseau, Quentin"]
[Black "Visakh, N R"]
[Result "1/2-1/2"]
[WhiteTitle "IM"]
[BlackTitle "GM"]
[WhiteElo "2464"]
[BlackElo "2542"]
[WhiteTeam "Grasse Echecs"]
[BlackTeam "Metz Fischer"]
[WhiteFideId "665274"]
[BlackFideId "25012223"]
[EventDate "2023.06.01"]

1. e4 e5 2. Nf3 Nc6 3. Bb5 a6 4. Ba4 Nf6 5. O-O Be7 6. Re1 b5 7. Bb3 d6 8. c3
O-O 9. h3 Re8 10. Ng5 Rf8 11. Nf3 Nb8 12. d4 Nbd7 13. Nbd2 Bb7 14. Bc2 Re8 15.
Nf1 Bf8 16. Ng3 g6 17. a4 c5 18. d5 c4 19. Bg5 h6 20. Be3 Nc5 21. Qd2 h5 22. Qe2
Nfd7 23. Nd2 Nb6 24. a5 Nbd7 25. Rf1 Bg7 26. Qd1 Rc8 27. Ne2 Rc7 28. Kh1 Qe7 29.
f4 exf4 30. Nxf4 Ne5 31. Bd4 Bc8 32. Qe1 h4 33. Qf2 Qd8 34. Rae1 Bh6 35. b4 cxb3
36. Nxb3 Nxb3 37. Bxb3 Qg5 38. Re3 Kh7 39. Bc2 Rce7 40. Nd3 Nc4 41. Rf3 f5 42.
exf5 Bxf5 1/2-1/2

[Event "TCh-FRA Top 16 GpB 2023"]
[Site "Chartres FRA"]
[Date "2023.06.01"]
[Round "1.4"]
[Board "6"]
[White "Migot, Tangi"]
[Black "Sochacki, Christophe"]
[Result "1/2-1/2"]
[WhiteTitle "IM"]
[BlackTitle "GM"]
[WhiteElo "2373"]
[BlackElo "2450"]
[WhiteTeam "Metz Fischer"]
[BlackTeam "Grasse Echecs"]
[WhiteFideId "662445"]
[BlackFideId "662569"]
[EventDate "2023.06.01"]

1. e4 c6 2. Nc3 d5 3. Nf3 Bg4 4. h3 Bxf3 5. Qxf3 e6 6. d4 Nf6 7. exd5 cxd5 8.
Bd3 Nc6 9. Ne2 g6 10. O-O Bg7 11. c3 O-O 12. Bf4 Re8 13. Rfe1 Rc8 14. Ng3 Nd7
15. Qd1 Na5 16. Nf1 Nc4 17. Bxc4 Rxc4 18. Ne3 Rc8 19. Ng4 Qb6 20. Qd2 Nf6 21.
Nxf6+ Bxf6 22. Be5 Bg7 23. Bxg7 Kxg7 24. h4 h5 25. Re3 Qd8 26. g3 b5 27. a3 a5
28. Rf3 Qe7 29. Qf4 Rc4 30. Qe5+ f6 31. Qe2 b4 32. axb4 axb4 33. Ra6 Qd7 34. Re3
Kf7 35. Rb6 bxc3 36. bxc3 Rc6 37. Qb5 Rec8 38. Rb7 R8c7 39. Rxc7 Qxc7 40. Qb3
Qb6 41. Qa2 Qa6 42. Qd2 Qa1+ 43. Kg2 Rb6 44. Re1 Rb1 45. Rxb1 Qxb1 46. Qf4 Qe1
47. Qc7+ Kf8 48. Qd8+ Kf7 49. Qd7+ Kf8 50. Qd8+ 1/2-1/2

[Event "TCh-FRA Top 16 GpB 2023"]
[Site "Chartres FRA"]
[Date "2023.06.01"]
[Round "1.4"]
[Board "7"]
[White "Demuth, Adrien"]
[Black "Micottis, Dorian"]
[Result "1/2-1/2"]
[WhiteTitle "GM"]
[BlackTitle "FM"]
[WhiteElo "2485"]
[BlackElo "2267"]
[WhiteTeam "Grasse Echecs"]
[BlackTeam "Metz Fischer"]
[WhiteFideId "642274"]
[BlackFideId "26021986"]
[EventDate "2023.06.01"]

1. Nf3 Nf6 2. c4 c5 3. b3 g6 4. Bb2 Bg7 5. g3 b6 6. Bg2 Bb7 7. O-O O-O 8. d4 d5
9. dxc5 dxc4 10. Nbd2 cxb3 11. Nxb3 Nbd7 12. Rc1 Nxc5 13. Nxc5 bxc5 14. Rxc5 Rc8
15. Rxc8 Qxc8 16. Qa4 Bd5 17. Rc1 Qb7 18. Bd4 a6 19. Qa5 Qb5 20. Qxb5 axb5 21.
a3 e6 22. Ne5 Bxg2 23. Kxg2 Ng4 24. Nc6 Ra8 25. Bc5 Bf8 26. Bb4 Nf6 27. Nd4 Bxb4
28. axb4 Nd5 29. Nc6 Ra4 30. Rb1 Ra6 31. Nd4 Ra4 32. Nc6 Ra6 33. Rc1 Ra4 34. Rb1 1/2-1/2

[Event "TCh-FRA Top 16 GpB 2023"]
[Site "Chartres FRA"]
[Date "2023.06.02"]
[Round "2.1"]
[Board "1"]
[White "Van Foreest, Jorden"]
[Black "Ganguly, Surya Shekhar"]
[Result "1-0"]
[WhiteTitle "GM"]
[BlackTitle "GM"]
[WhiteElo "2695"]
[BlackElo "2587"]
[WhiteTeam "Clichy Echecs 92"]
[BlackTeam "Metz Fischer"]
[WhiteFideId "1039784"]
[BlackFideId "5002150"]
[EventDate "2023.06.01"]

1. e4 e5 2. Nf3 Nc6 3. Bb5 a6 4. Ba4 Nf6 5. O-O Bc5 6. c3 b5 7. Bb3 d6 8. a4 Ba7
9. d3 b4 10. Bg5 Rb8 11. Nbd2 h6 12. Bh4 Be6 13. a5 bxc3 14. bxc3 Bxb3 15. Nxb3
Qe7 16. Nbd2 g5 17. Bg3 h5 18. h4 g4 19. Nh2 Nd7 20. Qa4 Rb5 21. Kh1 Nc5 22. Qc2
Qd7 23. f3 f5 24. exf5 Qxf5 25. Ne4 gxf3 26. Nxc5 Bxc5 27. Nxf3 Qg4 28. Bh2 Kd8
29. Ng5 Kc8 30. Ra4 Rb2 31. Qxb2 Qxa4 32. Ne4 Ba7 33. Rb1 Rf8 34. Bg1 Bxg1 35.
Kxg1 Qxa5 36. Nxd6+ Kd7 37. Nb7 Qd5 38. Qa3 Rg8 39. Nc5+ Ke8 40. Rb2 Qd6 41. Qb3
Qxc5+ 42. d4 exd4 43. Re2+ 1-0

[Event "TCh-FRA Top 16 GpB 2023"]
[Site "Chartres FRA"]
[Date "2023.06.02"]
[Round "2.1"]
[Board "2"]
[White "Visakh, N R"]
[Black "Amin, Bassem"]
[Result "0-1"]
[WhiteTitle "GM"]
[BlackTitle "GM"]
[WhiteElo "2542"]
[BlackElo "2690"]
[WhiteTeam "Metz Fischer"]
[BlackTeam "Clichy Echecs 92"]
[WhiteFideId "25012223"]
[BlackFideId "10601457"]
[EventDate "2023.06.01"]

1. d4 Nf6 2. c4 g6 3. Nc3 Bg7 4. e4 d6 5. h3 O-O 6. Be3 Nbd7 7. g4 a6 8. Bg2 e5
9. d5 b5 10. cxb5 axb5 11. Nxb5 Ba6 12. a4 Qb8 13. Ne2 Bxb5 14. axb5 Qxb5 15.
Rb1 Nc5 16. Nc3 Qb4 17. Qc2 Nb3 18. O-O Nd7 19. Rfd1 Nd4 20. Bxd4 exd4 21. Ne2
Nc5 22. Nc1 Rfb8 23. Nd3 Qb3 24. Rbc1 Nxd3 25. Rxd3 Qxb2 26. Qxc7 Ra7 27. Qc4
Ra2 28. Rf1 Be5 29. Rf3 Qc2 30. Qxc2 Rxc2 31. Rd3 Rbb2 32. h4 h6 33. g5 Bf4 34.
Kh1 hxg5 35. hxg5 Rd2 36. Rxd2 Rxd2 37. Bh3 Re2 38. Kg2 Bxg5 39. Kf3 Rc2 40. Rd1
Bh4 41. Rxd4 Rxf2+ 42. Kg4 Bf6 43. Rd1 Be5 44. Rf1 Rh2 45. Rg1 Kg7 46. Bf1 Rf2
47. Kh3 Rf4 48. Bg2 g5 0-1

[Event "TCh-FRA Top 16 GpB 2023"]
[Site "Chartres FRA"]
[Date "2023.06.02"]
[Round "2.1"]
[Board "3"]
[White "Gharamian, Tigran"]
[Black "Lazarev, Vladimir"]
[Result "1-0"]
[WhiteTitle "GM"]
[BlackTitle "GM"]
[WhiteElo "2601"]
[BlackElo "2496"]
[WhiteTeam "Clichy Echecs 92"]
[BlackTeam "Metz Fischer"]
[WhiteFideId "13301527"]
[BlackFideId "4113250"]
[EventDate "2023.06.01"]

1. e4 c5 2. Nf3 e6 3. c3 d5 4. e5 d4 5. d3 Nc6 6. g3 Nge7 7. Bg2 Ng6 8. Qe2 Qc7
9. Na3 dxc3 10. O-O a6 11. bxc3 b5 12. d4 Bb7 13. Nc2 Be7 14. h4 h6 15. Rb1 Nf8
16. Bf4 Na5 17. Rfd1 Rc8 18. h5 g5 19. hxg6 Nxg6 20. Ne3 cxd4 21. cxd4 Nxf4 22.
gxf4 Be4 23. d5 exd5 24. Nxd5 Qc4 25. Qd2 Qxd5 26. Qxd5 Bxd5 27. Rxd5 Nc4 28.
Rbd1 Rg8 29. Kh2 Bc5 30. Bh3 Ke7 31. Bxc8 Rxc8 32. Nd4 Nb6 33. Nf5+ Ke6 34. Ng7+
Ke7 35. Nf5+ Ke6 36. Ng7+ Ke7 37. R5d2 f6 38. Nf5+ Ke6 39. Nd6 Rc6 40. Nb7 Be7
41. Na5 Rc3 42. Rd6+ Bxd6 43. Rxd6+ Kf5 44. Rxf6+ Kg4 45. Rxb6 Ra3 46. Nc6 Rxa2
47. Kg2 h5 48. e6 h4 49. Ne5+ 1-0

[Event "TCh-FRA Top 16 GpB 2023"]
[Site "Chartres FRA"]
[Date "2023.06.02"]
[Round "2.1"]
[Board "4"]
[White "Postny, Evgeny"]
[Black "Hamdouchi, Hicham"]
[Result "1-0"]
[WhiteTitle "GM"]
[BlackTitle "GM"]
[WhiteElo "2549"]
[BlackElo "2526"]
[WhiteTeam "Metz Fischer"]
[BlackTeam "Clichy Echecs 92"]
[WhiteFideId "2804344"]
[BlackFideId "9000011"]
[EventDate "2023.06.01"]

1. d4 d5 2. c4 c6 3. Nf3 Nf6 4. Qb3 e6 5. Bg5 Be7 6. e3 O-O 7. Nc3 Nbd7 8. Rc1
a6 9. cxd5 exd5 10. Be2 h6 11. Bh4 Ne4 12. Bxe7 Qxe7 13. O-O Ndf6 14. h3 Bf5 15.
Rfe1 Rab8 16. Bf1 Rfe8 17. a3 g5 18. Ne5 Nd7 19. Nxd7 Qxd7 20. Qd1 Kg7 21. b4
Nxc3 22. Rxc3 Qd6 23. Rc5 Bd7 24. Qd2 f5 25. Rcc1 Re7 26. a4 Rbe8 27. b5 axb5
28. axb5 Qf6 29. bxc6 bxc6 30. Ra1 h5 31. Ra7 g4 32. Rb1 gxh3 33. g3 h4 34. Rbb7
Bc8 35. Rxe7+ Rxe7 36. Rxe7+ Qxe7 37. Bxh3 hxg3 38. fxg3 Bd7 39. Bg2 Qd6 40. Kf2
Kf6 41. Qa5 Ke7 42. Bf3 Be8 43. Qa7+ Bd7 44. Qa8 Qb4 45. Qh8 Qd6 46. Qh4+ Qf6
47. Bh5 Ke6 48. Kf3 Qg7 49. Qd8 Qh7 50. Qg5 Qh8 51. Kg2 Qf6 52. Qg8+ Ke7 53. Kf3
Qh6 54. Qf7+ Kd8 55. Qg6 Qh8 56. Kf4 Kc7 57. Kg5 Kb6 58. Qd6 Qg8+ 59. Bg6 Qd8+
60. Kf4 Qc8 61. Qe5 Qf8 62. Bxf5 Qh6+ 63. Kf3 Bxf5 64. Qxf5 Qh1+ 65. Kg4 Kb5 66.
Kg5 Qd1 67. g4 Qd2 68. Qf4 Kc4 69. Kf6 Qa5 70. Qf1+ 1-0

[Event "TCh-FRA Top 16 GpB 2023"]
[Site "Chartres FRA"]
[Date "2023.06.02"]
[Round "2.1"]
[Board "5"]
[White "Tregubov, Pavel V."]
[Black "Migot, Tangi"]
[Result "1/2-1/2"]
[WhiteTitle "GM"]
[BlackTitle "IM"]
[WhiteElo "2553"]
[BlackElo "2373"]
[WhiteTeam "Clichy Echecs 92"]
[BlackTeam "Metz Fischer"]
[WhiteFideId "4115341"]
[BlackFideId "662445"]
[EventDate "2023.06.01"]

1. e4 c5 2. c3 Nf6 3. e5 Nd5 4. Nf3 e6 5. d4 cxd4 6. cxd4 d6 7. Bc4 Be7 8. O-O
O-O 9. Qe2 b6 10. Rd1 Bb7 11. Bxd5 exd5 12. Nc3 Na6 13. Nb5 dxe5 14. dxe5 Re8
15. Nfd4 Nc7 16. Qg4 Bc8 17. Qg3 Nxb5 18. Nxb5 Qd7 19. Bh6 Bf8 20. Nd6 Re6 21.
Bf4 Bb7 22. Rac1 Rd8 23. Qd3 Ba8 24. Nb5 Bc5 25. b4 Bc6 26. Nd4 Bxd4 27. Qxd4
Bb5 28. Bg5 Rde8 29. f4 Rc6 30. Rxc6 Bxc6 31. Qd3 Bb7 32. b5 Qc7 33. h3 Qc5+ 34.
Kh2 Qb4 35. f5 h6 36. Bd2 Qc4 37. Qxc4 dxc4 38. Bc3 Be4 39. Rd7 Bxf5 40. Rxa7
Rd8 41. Rc7 Ra8 42. Rxc4 Rxa2 43. Rf4 Be6 44. Bd4 Ra4 45. Be3 1/2-1/2

[Event "TCh-FRA Top 16 GpB 2023"]
[Site "Chartres FRA"]
[Date "2023.06.02"]
[Round "2.1"]
[Board "6"]
[White "Micottis, Dorian"]
[Black "Delorme, Axel"]
[Result "0-1"]
[WhiteTitle "FM"]
[BlackTitle "GM"]
[WhiteElo "2267"]
[BlackElo "2483"]
[WhiteTeam "Metz Fischer"]
[BlackTeam "Clichy Echecs 92"]
[WhiteFideId "26021986"]
[BlackFideId "632023"]
[EventDate "2023.06.01"]

1. e4 c5 2. Nf3 e6 3. d4 cxd4 4. Nxd4 Nf6 5. Nc3 d6 6. g4 h6 7. Bg2 Nc6 8. h3
Bd7 9. Nde2 g5 10. b3 Ne5 11. a4 Ng6 12. O-O Nh4 13. Qd4 Bc6 14. f3 Be7 15. Ba3
O-O 16. Rad1 d5 17. Bxe7 Qxe7 18. exd5 Nxd5 19. Nxd5 Bxd5 20. Qe3 Rfd8 21. c4
Bc6 22. Bh1 Rxd1 23. Rxd1 Rd8 24. Rxd8+ Qxd8 25. Nd4 Qd6 26. Bg2 a5 27. Ne2 Qd1+
28. Kf2 Ng6 29. f4 gxf4 30. Nxf4 Nxf4 31. Bxc6 Nd3+ 32. Kg2 bxc6 0-1

[Event "TCh-FRA Top 16 GpB 2023"]
[Site "Chartres FRA"]
[Date "2023.06.02"]
[Round "2.1"]
[Board "7"]
[White "Libiszewski, Fabien"]
[Black "Hisler, Thomas"]
[Result "1-0"]
[WhiteTitle "GM"]
[WhiteElo "2498"]
[BlackElo "2178"]
[WhiteTeam "Clichy Echecs 92"]
[BlackTeam "Metz Fischer"]
[WhiteFideId "616834"]
[BlackFideId "617997"]
[EventDate "2023.06.01"]

1. e4 e5 2. Nf3 Nc6 3. Bc4 Nf6 4. d3 Be7 5. O-O O-O 6. Nc3 d6 7. a4 h6 8. Bd2
Be6 9. Nd5 Qd7 10. Re1 Rae8 11. a5 a6 12. c3 Bd8 13. Qb3 Qc8 14. h3 Nh7 15. Nh2
Kh8 16. Ne3 Bg5 17. Nhf1 Nf6 18. Bxe6 Rxe6 19. g3 h5 20. h4 Bh6 21. Qd1 Ne7 22.
b4 Qd7 23. c4 c6 24. Ng2 Bxd2 25. Nxd2 d5 26. Nb3 Qc7 27. Nc5 Rd6 28. exd5 cxd5
29. cxd5 Rxd5 30. Ne3 Rd4 31. Nc2 Rdd8 32. Qf3 Ned5 33. Rac1 Qb8 34. d4 exd4 35.
Nxd4 Nxb4 36. Nf5 g6 37. Ne3 Kg7 38. Rb1 Nc6 39. Rxb7 Qc8 40. Rb6 Rd6 41. Qg2
Nd7 42. Nxd7 Qxd7 43. Rxa6 Re8 44. Rb6 Nxa5 45. Rxd6 Qxd6 46. Nf5+ gxf5 47. Rxe8
Nc4 48. Qf3 Qd7 49. Ra8 1-0

[Event "TCh-FRA Top 16 GpB 2023"]
[Site "Chartres FRA"]
[Date "2023.06.02"]
[Round "2.2"]
[Board "1"]
[White "Lucas, Arthur"]
[Black "Demuth, Adrien"]
[Result "1/2-1/2"]
[WhiteTitle "IM"]
[BlackTitle "GM"]
[WhiteElo "2326"]
[BlackElo "2485"]
[WhiteTeam "Poitiers-Migne Echecs"]
[BlackTeam "Grasse Echecs"]
[WhiteFideId "26093073"]
[BlackFideId "642274"]
[EventDate "2023.06.01"]

1. e4 e5 2. Nf3 Nc6 3. Bc4 Nf6 4. d4 exd4 5. e5 Ne4 6. Qe2 Nc5 7. c3 d3 8. Qe3
Be7 9. b4 Ne6 10. O-O d6 11. exd6 Bxd6 12. Nbd2 O-O 13. Ne4 Bf4 14. Qxd3 Qxd3
15. Bxd3 Bxc1 16. Rfxc1 Nf4 17. Bf1 Bg4 18. Nd4 Nxd4 19. cxd4 Rac8 20. Nc5 b6
21. Nd3 Nxd3 1/2-1/2

[Event "TCh-FRA Top 16 GpB 2023"]
[Site "Chartres FRA"]
[Date "2023.06.02"]
[Round "2.2"]
[Board "2"]
[White "Parligras, Mircea-Emilian"]
[Black "Tranchant, Sebastien"]
[Result "1-0"]
[WhiteTitle "GM"]
[BlackTitle "FM"]
[WhiteElo "2556"]
[BlackElo "2292"]
[WhiteTeam "Grasse Echecs"]
[BlackTeam "Poitiers-Migne Echecs"]
[WhiteFideId "1204297"]
[BlackFideId "626732"]
[EventDate "2023.06.01"]

1. d4 d5 2. c4 c6 3. Nf3 Nf6 4. e3 Bf5 5. Nc3 e6 6. Nh4 Bg6 7. Nxg6 hxg6 8. Bd2
Nbd7 9. Rc1 a6 10. Bd3 Be7 11. O-O dxc4 12. Bxc4 c5 13. dxc5 Nxc5 14. Be2 Qd6
15. h3 Rd8 16. Rc2 O-O 17. Bc1 Qb6 18. Rd2 Nfd7 19. Na4 Nxa4 20. Qxa4 Nc5 21.
Qc2 Rc8 22. Rd4 Nd7 23. Rc4 Rxc4 24. Qxc4 Bf6 25. Rd1 Ne5 26. Qc2 Rd8 27. Rxd8+
Qxd8 28. Bd2 Qd7 29. a4 Bd8 30. b4 Bc7 31. Bc3 Qc6 32. Qb2 Qd6 33. Kf1 Qd5 34.
Qd2 Qxd2 35. Bxd2 Kf8 36. f4 Nd7 37. Bf3 b6 38. Ke2 a5 39. Kd3 Bd6 40. bxa5 bxa5
41. Kc4 1-0

[Event "TCh-FRA Top 16 GpB 2023"]
[Site "Chartres FRA"]
[Date "2023.06.02"]
[Round "2.2"]
[Board "3"]
[White "Salles, Louis"]
[Black "Wirig, Anthony"]
[Result "1/2-1/2"]
[WhiteTitle "FM"]
[BlackTitle "GM"]
[WhiteElo "2295"]
[BlackElo "2518"]
[WhiteTeam "Poitiers-Migne Echecs"]
[BlackTeam "Grasse Echecs"]
[WhiteFideId "20641826"]
[BlackFideId "615013"]
[EventDate "2023.06.01"]

1. e4 c5 2. Nf3 Nc6 3. d4 cxd4 4. Nxd4 e5 5. Nb5 a6 6. Nd6+ Bxd6 7. Qxd6 Qe7 8.
Qd1 Nf6 9. Nc3 d6 10. Bc4 Be6 11. Nd5 Bxd5 12. exd5 Nb8 13. O-O Nbd7 14. Be3 O-O
15. b4 h6 16. Bb3 Nh7 17. c4 f5 18. f4 Nhf6 19. h3 exf4 20. Bxf4 b6 21. Qd3 Ne4
22. Rae1 a5 23. a3 axb4 24. axb4 Ra3 25. Bc1 Ne5 26. Qc2 Ra1 27. Be3 Rxe1 28.
Rxe1 Qh4 29. Rf1 Qg3 30. Bf4 Qd3 31. Qxd3 Nxd3 32. Bc2 Nxf4 33. Rxf4 Ng3 34. Kf2
g5 35. Rf3 f4 36. Ra3 Re8 37. Bd1 Re4 38. Ra8+ Kg7 39. Rc8 Kf6 40. Bf3 Nh1+ 41.
Kf1 Ng3+ 42. Kf2 1/2-1/2